| 000 | 00599nam a22002057a 4500 | ||
|---|---|---|---|
| 003 | OSt | ||
| 005 | 20260618152230.0 | ||
| 008 | 260618b |||||||| |||| 00| 0 eng d | ||
| 020 | _c9781982102081 | ||
| 040 | _cChuka University Library | ||
| 050 | _aBF 637 .K56 2018 | ||
| 100 |
_aKing Gayle _930267 |
||
| 245 | _aNote to self: Inspiring Words From Inspiring People | ||
| 260 |
_aNew York _bSimon & Schuster _c2018 |
||
| 300 |
_avii198pp _bIllustrations |
||
| 650 |
_aConduct of life _921596 |
||
| 650 |
_aSelf realization _911403 |
||
| 700 |
_aPaige King(Editor) _930268 |
||
| 942 |
_2lcc _cBK _n0 |
||
| 999 |
_c24817 _d24817 |
||